| 000 | 00756nas a2200265 4500 | ||
|---|---|---|---|
| 001 | BR8401268 | ||
| 003 | BR-BrBNA | ||
| 005 | 20231205085827.0 | ||
| 007 | ta | ||
| 008 | 230509b bl.|||p| |||| 00| 00por d | ||
| 040 |
_aBR-BrBNA _bpor _cBiblioteca Nacional de Agricultura |
||
| 041 | _a(Pt) | ||
| 072 | _aL73; L70 | ||
| 100 | 1 | _aChaves, N.S.T. | |
| 100 | 1 | _aCarvalho, C.B. de | |
| 100 | 1 | _aSilva, C.F. da | |
| 245 | 1 | _aObstrucao na uretra pelvica em um cao | |
| 650 | _aPELVIS | ||
| 650 | _aURETRA | ||
| 650 | _aCAO | ||
| 650 | _aAPARELHO URINARIO | ||
| 773 | 0 |
_tRevista do Centro de Ciencias Rurais (Brazil) _xISSN 0085-5901 _g(Apr 1983), v. 13(2-3) p. 211-214 _wBR8401268 |
|
| 909 |
_a202311 _bLúcia _c55 _dLúcia Elande |
||
| 942 |
_2AGRIS _n0 _cANA |
||
| 999 |
_c114105 _d114105 |
||